| 000 | 01304nam a22001937a 4500 | ||
|---|---|---|---|
| 003 | OSt | ||
| 005 | 20250819143301.0 | ||
| 008 | 240508s2024 ag ||||| |||| 00| 0 spa d | ||
| 020 | _a9789877712284 | ||
| 040 | _cbesoc | ||
| 080 | _037.015.3:159.95 | ||
| 100 | 1 |
_aRaspall, Lucas _eautor |
|
| 245 | 1 | 0 |
_aDesafíos de la adolescencia : _b40 posteos para una crianza positiva / _cLucas Raspall |
| 260 |
_aRosario : _bHomo Sapiens, _c2024 |
||
| 300 | _a276 p. | ||
| 520 | _aCrecer cuesta: quizás este sea el mensaje más importante de todo el libro. La transformación del cuerpo, los cambios en el vínculo con nosotros (mamá, papá, adulto o referente), el alejamiento de casa, el creciente tiempo con amigos, las interminables exploraciones, las transgresiones, la inestabilidad emocional, las dificultades en la comunicación, las discusiones, la inmersión en las pantallas, el surgimiento de las parejas, el inicio de la vida sexual, el consumo del alcohol y otras sustancias, los riesgos mayores, la construcción de su identidad, la búsqueda de un sentido... La adolescencia es un camino empinado, al borde del acantilado y repleto de desafíos: mejor que resistir, paralizarnos o huir, es aprender a funcionar como guías sensibles. [Nota del editor] | ||
| 650 | 4 | _aAdolescencia | |
| 942 |
_2udc _cOG _n0 |
||
| 999 |
_c233 _d233 |
||